000 00704nam a2200229Ii 4500
003 JO-AjNU
008 230605s9999||||xx |||||||||||||| ||und||
017 _a2007/4/978
020 _a978-9957-24-280-0
040 _aJO-AjNU
_bara
_erda
_cJO-AjNU
041 _aara
050 1 4 _aQA76.M3342 2008
100 3 _a مهداوي ، إيمان جميل ,
_eauthor
_929882
245 0 0 _a علم الحاسوب و تطبيقاته
250 _aط1
264 3 1 _aعمان:دار الصفاء، 2008
300 _a302ص
336 _atext
_btxt
_2rdacontent
337 _aunmediated
_bn
_2rdamedia
338 _avolume
_bnc
_2rdacarrier
650 4 _a الحاسبات الإلكترونية 
_929883
999 _aA11777
_c15345
_d15345